| 000 | 00373nam a2200121Ia 4500 | ||
|---|---|---|---|
| 008 | 220620s9999||||xx |||||||||||||| ||und|| | ||
| 245 | 0 | _aDiscrete Time Systems | |
| 546 | _aEnglish[eng] | ||
| 650 | _aComputer modelling & simulation | ||
| 700 | _aAlberto Jordán, Mario | ||
| 856 | _uhttps://mts.intechopen.com/storage/books/68/authors_book/authors_book.pdf | ||
| 942 | _cEB | ||
| 999 |
_c27858 _d27858 |
||